Star Wars: Maîtres à padawan. - Statistiques

Statistiques générales
  • Ce quiz a été pris 11 634 fois
    10 059 depuis la dernière actualisation
  • Le résultat moyen est 10 sur 11
Statistiques - réponses
Maître/élève % Correct
Dark Vador Dark Sidious
98%
Anakin Skywalker Obi-Wan Kenobi
98%
Rey Luke Skywalker
96%
Luke Skywalker Yoda
96%
Qui-Gon Jinn Obi-Wan Kenobi
94%
Luke Skywalker Ben Solo | Rey
93%
Dark Sidious Dark Maul | Dark Vador | Dark Tyranus
92%
Dark Tyranus Yoda | Dark Sidious
91%
Snoke Kylo Ren
84%
Dark Plagueis Dark Sidious
83%
Qui-Gon Jinn Dooku
70%
Aucun quiz correspondant
Distribution des résultats
% des personnes avec chaque résultat
Percentile par nombre de réponses
Votre historique - résultats
Vous n’avez pas pris ce quiz depuis la dernière actualisation